Vocabulario filosófico / (Record no. 72672)
[ view plain ]
| 000 -LEADER | |
|---|---|
| campo de control de longitud fija | 00734nam a2200181 i 4500 |
| 001 - NÚMERO DE CONTROL | |
| campo de control | 72672 |
| 003 - IDENTIFICADOR DE NÚMERO DE CONTROL | |
| campo de control | ES-MaACL |
| 007 - CAMPO FIJO DE DESCRIPCIÓN FÍSICA--INFORMACIÓN GENERAL | |
| campo de control de longitud fija | t| |
| 008 - DATOS DE LONGITUD FIJA--INFORMACIÓN GENERAL | |
| campo de control de longitud fija | 040902s1945 ag ||||1| spa d |
| 100 1# - ENTRADA PRINCIPAL--NOMBRE DE PERSONA | |
| Nombre de persona | Goblot, Edmond. |
| 9 (RLIN) | 57493 |
| 245 10 - MENCIÓN DEL TÍTULO | |
| Título | Vocabulario filosófico / |
| Mención de responsabilidad, etc. | Edmond Goblot ; prólogo, presentación, por Enrique Mouchet ; [traducción de la última edición francesa, por Francisco Susanna]. |
| 260 ## - PUBLICACIÓN, DISTRIBUCIÓN, ETC. | |
| Lugar de publicación, distribución, etc. | Buenos Aires : |
| Nombre del editor, distribuidor, etc. | [Joaquín Gil, |
| Fecha de publicación, distribución, etc. | 1945] ( |
| Fabricante | Alfonso Ruiz y Cía) |
| 300 ## - DESCRIPCIÓN FÍSICA | |
| Extensión | 581 p. ; |
| Dimensiones | 23 cm. |
| 500 ## - NOTA GENERAL | |
| Nota general | Nueva edición ampliada con un extenso índice general analítico que abarca más de 10000 temas. |
| 700 1# - ENTRADA AGREGADA--NOMBRE PERSONAL | |
| Nombre de persona | Mouchet, Enrique. |
| 9 (RLIN) | 83845 |
| 700 1# - ENTRADA AGREGADA--NOMBRE PERSONAL | |
| Nombre de persona | Susanna, Francisco. |
| 9 (RLIN) | 108845 |
| 852 ## - LOCALIZACIÓN | |
| Ubicación | ES-MaACL |
| Número de control de estantería | E-2081 |
| Sublocalización o colección | R.23158 |
| Estatus retirado | Estado de pérdida | Estado de daño | No para préstamo | Biblioteca de origen | Biblioteca actual | Ubicación en estantería | Fecha de adquisición | Fuente de adquisición | Total de préstamos | Signatura topográfica completa | Código de barras | Visto por última vez | Precio de reemplazo | Tipo de ítem Koha |
|---|---|---|---|---|---|---|---|---|---|---|---|---|---|---|
| Biblioteca del Ateneo de Madrid | Biblioteca del Ateneo de Madrid | Depósito 2 | 17/01/2008 | E-2081 | 1076076 | 23/02/2023 | 23/02/2023 | Libro impreso |
